| 000 | 01355cam a22002773a 4500 | ||
|---|---|---|---|
| 001 | 6136 | ||
| 003 | PGUSA | ||
| 005 | 20140828083128.0 | ||
| 008 | 040701s2004||||xxu|||||s|||||000 p eng d | ||
| 040 |
_aPGUSA _beng |
||
| 042 | _adc | ||
| 050 | 4 | _aPS | |
| 100 | 1 |
_aChaplin, Ralph, _d1887-1961 |
|
| 245 | 1 | 0 |
_aBars and Shadows : _bThe Prison Poems of Ralph Chaplin _h[electronic resource] / _cRalph Chaplin |
| 260 |
_bProject Gutenberg, _c2004 |
||
| 505 | 0 | _aMourn not the dead -- Taps -- Night in the cell house -- Prison shadows -- Prison reveille -- Prison nocturne -- The warrior wind -- To freedom -- The vision maker -- Distances -- Phantoms -- Seven little sparrows -- Salaam! -- The W est is dead -- Up from your knees! -- The eunuch -- I. W. W. prison song -- To France -- Villanelle -- Wesley Everest -- The industrial heretics -- Blood and wine -- The red guard -- The red feast -- The girls who sang for us -- To Edith -- Song of separation -- To my little son -- Escaped! -- Retrospect. | |
| 506 | _aPublic domain in the USA. | ||
| 516 | _aElectronic text | ||
| 653 | _aPrisons -- United States -- Poetry | ||
| 653 | _aImprisonment -- Poetry | ||
| 653 | _aPrisoners' writings, American | ||
| 700 | 1 |
_aNearing, Scott, _d1883-1983 |
|
| 830 | 0 |
_aProject Gutenberg _v6136 |
|
| 856 | 4 | 0 | _uhttp://www.gutenberg.org/ebooks/6136 |
| 942 | _cEB | ||
| 999 |
_c235464 _d235464 |
||